000 00465nam a22001817a 4500
999 _c30955
_d30954
003 OSt
005 20200224095505.0
008 181003b ||||| |||| 00| 0 eng d
020 _a9780060598754
040 _aMMU
_beng
_cMMU
_dMMU
050 _aFICPR3112.E93 2009
100 _aEvanovich Janet
245 _aThegland finale/
_cJanet Evanovich
260 _aNew York:
_bHarper,
_c2009.
300 _a246p.;
650 _athe giland finale
942 _2lcc
_cLOAN LOAN